000 00667nam a22001697a 4500
005 20120618123524.0
020 _a8120724852
_cRs.125.00 (pbk)
035 _aB-83899
037 _aDPL
_bENG
100 _aTillman, Diane G.
_949269
245 _aLiving values :
_bAn educational program educator training guide /
_cby Diane G. Tillman and Pilar Quera Colomina
260 _aNew Delhi
_bSterling Publishers
_c2000
300 _axv, 241p.
_c22 cms.
700 _aColomina, Pilar Quera
_949270
942 _2ddc
_cEN
_h370.11
_mTIL
999 _c68049
_d68049